Vilka länder ligger kurdistan i? - Statistics

General Stats
  • This quiz has been taken 271 times
  • The average score is 4 of 5
Answer Stats
Hint Answer % Correct
Öst Iran
97%
Syd Irak
93%
Väst Syrien
92%
Norr Turkiet
83%
Nordöst Armenien
53%
No matching quizzes found
Score Distribution
Percent of People with Each Score
Percentile by Number Answered
Your Score History
You have not taken this quiz